Keskustan puheenjohtajat - Statistics

Yleistilastot
  • Tätä visaa on pelattu 19 kertaa
  • Keskiarvotulos 10 / 17
Vastaustilastot
Vuodet Puheenjohtaja % Oikein
2010-2012 Mari Kiviniemi
100%
2002-2003 Anneli Jäätteenmäki
93%
2024- Antti Kaikkonen
93%
1990-2002 Esko Aho
93%
2003-2010 Matti Vanhanen
93%
2020-2024 Annika Saarikko
80%
1964-1980 Johannes Virolainen
80%
2012-2019 Juha Sipilä
80%
1980-1990 Paavo Väyrynen
73%
1909-1917 Kyösti Kallio
60%
2019-2020 Katri Kulmuni
53%
1918-1919 Santeri Alkio
53%
1945-1964 Vieno Johannes Sukselainen
47%
1940-1945 Viljami Kalliokoski
13%
1919-1940 Petter Wilhelm Heikkinen
7%
1917-1918 Filip Saalasti
0%
1906-1909 Otto Karhi
0%
Ehtoja vastaavia visoja ei löytynyt
Tulosjakauma
Jokaisen tuloksen saaneiden osuus
Persentiili vastausten määrän mukaan
Tuloshistoriasi
Et ole pelannut tätä visaa